Top 15 dei paesi con decessi Covid-19 - 3 giugno - Statistics

Statistiche generali
  • Questo quiz è stato fatto 5 volte
  • Il punteggio medio è 12 su 20
Statistiche sulle risposte
nazione % Corretto
Francia
100%
Italia
100%
Spagna
100%
Portogallo
80%
Regno Unito
80%
Russia
80%
Brasile
60%
Canada
60%
Germania
60%
India
60%
Irlanda
60%
Messico
60%
Stati Uniti
60%
Svezia
60%
Belgio
40%
Iran
40%
Paesi Bassi
40%
Perù
40%
Svizzera
40%
Ecuador
20%
Nessun quiz corrispondente trovato
Distribuzione punteggi
Percentuale di utenti per punteggio
Percentile per numero di risposta
I tuoi punteggi nel tempo
Non hai fatto questo quiz